The Girls of Fall /

Đã lưu trong:
Chi tiết về thư mục
Tác giả chính: Minyard, Jessica (autor)
Định dạng: Sách
Ngôn ngữ:Tiếng Anh
Được phát hành: lugar de publicación no identificado : Centurion Books, 2021, c2021
Những chủ đề:
Truy cập trực tuyến:Ver documento en línea
Các nhãn: Thêm thẻ
Không có thẻ, Là người đầu tiên thẻ bản ghi này!

MARC

LEADER 00000nam^a2200000^a^4500
001 000572989
005 20251023000000.0
009 20260310132319.43
022 |a 9781957004013 
037 |a Acervo ITESO - Biblioteca 
041 |a ING 
082 |a 813.  |b MIN 
100 |a Minyard, Jessica  |e (autor) 
245 1 4 |a The Girls of Fall /  |c J. Minyard. 
264 4 |a lugar de publicación no identificado :  |b Centurion Books,  |c 2021, c2021 
264 2 |a Cartagena, España :  |b Odilo [distribución],  |c 2023 
300 |a 1 libro electrónico en línea (1 v. sin paginación) 
300 |a 1 recurso en línea 
336 |a datos para computadora  |b cod  |2 rdacontenido 
337 |a computadora  |b c  |2 rdamedio 
338 |a recurso en línea  |b cr  |2 rdasoporte 
506 1 |a 1 licencia 
521 |a Odilo 2023 EEnlace Comunidades Lectoras 
649 |a XX 
650 |a Mujeres en la Literatura 
650 |a Amistad en la Literatura 
650 |a Noviazgo en la Literatura 
650 |a Novela Norteamericana 
650 |a Literatura Norteamericana -  |y Siglo XXI 
650 |a Literatura de Mujeres -  |z EUA 
856 4 0 |u https://iteso-odilotk-es.ezproxy.iteso.mx/info/03489309  |y Ver documento en línea 
910 |a Fondo General 
920 |a Electrónicos - Libros en Línea 
930 |a Plataforma Digital 
940 |a Literatura 
905 |a 205 
901 |a 572989-1  |b IT2  |c EBO  |i C  |u 20250521 
902 |a https://opac.biblio.iteso.mx/vufind/Record/000572989